[Event "AUTO-MASTER-1954"]
[Site "http://www.queenalice.com/game.php?id=1220329"]
[Date "2013.9.27"]
[Round "1"]
[White "goldenboy"]
[Black "amand"]
[Result "1/2-1/2"]
[WhiteElo "2096"]
[BlackElo "2139"]

1. e4 e6 2. d4 d5 3. exd5 exd5 4. Nf3 Nf6 5. Bg5 Be7 6. Bd3 c6 7. O-O O-O 8. c3
Bg4 9. Nbd2 Nbd7 10. Re1 Re8 11. Qc2 Bh5 12. Bf5 Bg6 13. Bxg6 hxg6 14. Re2 Bd6
15. Rxe8+ Qxe8 16. Re1 Qf8 17. Ne5 Re8 18. f4 Nb6 19. Ndf3 Nfd7 20. Nxd7 Rxe1+
21. Nxe1 Nxd7 22. f5 f6 23. Bh4 g5 24. Bf2 Qe8 25. Nf3 Kf7 26. Kf1 Nb6 27. b3
Nc8 28. g4 Qh8 29. Kg2 Bf4 30. Qe2 Qe8 1/2-1/2

[Event "AUTO-MASTER-1955"]
[Site "http://www.queenalice.com/game.php?id=1220791"]
[Date "2013.9.29"]
[Round "1"]
[White "Fervac763"]
[Black "amand"]
[Result "1-0"]
[WhiteElo "2230"]
[BlackElo "2129"]

1. d4 f5 2. Nf3 Nf6 3. g3 e6 4. Bg2 Be7 5. c4 d5 6. O-O O-O 7. b3 c6 8. Ba3 Ne4
9. Qc1 Nd7 10. Bxe7 Qxe7 11. Qa3 Qxa3 12. Nxa3 Ndf6 13. e3 Bd7 14. Rac1 Rad8 15.
Ne5 Be8 16. b4 Nd7 17. Nd3 Bh5 18. Rfe1 Bg6 19. b5 dxc4 20. Nf4 Bf7 21. bxc6
bxc6 22. Nxc4 Ndf6 23. Nd3 Nd6 24. Nxd6 Rxd6 25. Ne5 Nd5 26. Nxc6 a6 27. Bxd5
Rxd5 28. Ne7+ 1-0

[Event "AUTO-MASTER-1955"]
[Site "http://www.queenalice.com/game.php?id=1220792"]
[Date "2013.9.29"]
[Round "1"]
[White "amand"]
[Black "Fervac763"]
[Result "1/2-1/2"]
[WhiteElo "2102"]
[BlackElo "2204"]

1. e4 c5 2. Bc4 d6 3. Nc3 Nf6 4. d3 Nc6 5. Nge2 g6 6. O-O Bg7 7. Ng3 Rb8 8. a3
O-O 9. f4 e6 10. f5 d5 11. Ba2 dxe4 12. dxe4 Qxd1 13. Rxd1 exf5 14. exf5 Bxf5
15. Nxf5 gxf5 16. Bf4 Rbd8 17. Bd6 Rfe8 18. Bxc5 Ne4 19. Nxe4 fxe4 20. c3 b6 21.
Be3 Be5 22. g3 Kg7 23. Bb3 f5 24. Ba4 Rxd1+ 25. Rxd1 Rd8 26. Kf2 Rxd1 27. Bxd1
Na5 28. Be2 Nb3 29. Bc4 Nc5 30. Bb5 Kf6 31. h4 Ne6 32. a4 f4 33. gxf4 Nxf4 34.
a5 bxa5 35. Bxa7 Ng6 36. h5 Nf4 37. Ke3 Nxh5 38. Kxe4 Nf4 39. Bb6 Ne6 40. Bxa5
h5 41. Bf1 Nc5+ 42. Ke3 Na4 43. Ke4 Nxb2 44. c4 Nxc4 45. Bxc4 Bb2 46. Bd8+ Kg7
47. Be2 Kh8 48. Bxh5 1/2-1/2

[Event "AUTO-MASTER-1955"]
[Site "http://www.queenalice.com/game.php?id=1220803"]
[Date "2013.9.29"]
[Round "1"]
[White "betofortaleza"]
[Black "amand"]
[Result "0-1"]
[WhiteElo "1907"]
[BlackElo "2124"]

1. e4 e6 2. d4 d5 3. e5 c5 4. Nf3 cxd4 5. Qxd4 Nc6 6. Qa4 Bd7 7. Qb3 Qc7 8. Bf4
Nge7 9. Nc3 Ng6 10. Nb5 Qc8 11. Bg3 Na5 12. Qd3 Nc4 13. a4 Nxb2 14. Qb3 Nc4 15.
Bd3 a6 16. Nd6+ Bxd6 17. exd6 O-O 18. Bxc4 dxc4 19. Qc3 Qc5 20. O-O f6 21. Rab1
Rab8 22. Rfe1 e5 23. Rbd1 Rfd8 24. Nxe5 fxe5 25. Bxe5 Rf8 26. Re3 Rbe8 27. Bd4
Qh5 28. Rde1 Nf4 29. g3 Nh3+ 30. Kg2 Rxf2+ 31. Kh1 Bc6+ 0-1

[Event "AUTO-MASTER-1955"]
[Site "http://www.queenalice.com/game.php?id=1220804"]
[Date "2013.9.29"]
[Round "1"]
[White "amand"]
[Black "betofortaleza"]
[Result "1-0"]
[WhiteElo "2133"]
[BlackElo "1917"]

1. e4 e5 2. Bc4 Nf6 3. d3 h6 4. Nc3 Bc5 5. Be3 Bxe3 6. fxe3 d6 7. Nf3 Nc6 8. O-O
Bg4 9. Qe1 Qd7 10. Bb5 a6 11. Ba4 b5 12. Bb3 g5 13. Nxe5 dxe5 14. Rxf6 Be6 15.
Nd5 O-O-O 16. Nb4 Kb7 17. Nxc6 Kxc6 18. Qa5 Ra8 19. c4 Qxd3 20. cxb5+ axb5 21.
Rc1+ Kd7 22. Rxc7+ Ke8 23. Qxa8+ 1-0

[Event "AUTO-MASTER-1955"]
[Site "http://www.queenalice.com/game.php?id=1220809"]
[Date "2013.9.29"]
[Round "1"]
[White "mascarade"]
[Black "amand"]
[Result "1/2-1/2"]
[WhiteElo "1840"]
[BlackElo "2110"]

1. b3 e6 2. Bb2 d5 3. d4 Nf6 4. Nf3 Be7 5. Nbd2 Nbd7 6. e3 c5 7. dxc5 Nxc5 8.
Bb5+ Bd7 9. a4 Bc6 10. Ne5 Bxb5 11. axb5 Qb6 12. c4 O-O 13. Bd4 Qc7 14. b4 Nce4
15. Nxe4 Nxe4 16. c5 f6 17. b6 axb6 18. Rxa8 Rxa8 19. cxb6 Qc8 20. Nd3 e5 21.
Bb2 Nc3 22. Qd2 Ne4 23. Qd1 Nc3 24. Qb3 Na4 25. Qxd5+ Kf8 26. O-O Nxb2 27. Nxb2
Bxb4 28. Qe4 Ba3 29. Nd3 g6 30. f4 exf4 31. Nxf4 Qd7 32. Ne6+ Kg8 33. Rxf6 Bb2
34. Rf1 Re8 35. Nc5 Rxe4 36. Nxd7 Rxe3 37. Rf8+ Kg7 38. Rb8 Bd4 39. Kf1 Re7 40.
Rxb7 Bxb6 41. g4 Bd4 42. Kg2 Rf7 43. h4 h6 1/2-1/2

[Event "AUTO-MASTER-1955"]
[Site "http://www.queenalice.com/game.php?id=1220810"]
[Date "2013.9.29"]
[Round "1"]
[White "amand"]
[Black "mascarade"]
[Result "1-0"]
[WhiteElo "2130"]
[BlackElo "1824"]

1. e4 b6 2. Bc4 e5 3. Nc3 Bb7 4. d3 Nc6 5. Nge2 Bb4 6. O-O h5 7. a3 Be7 8. f4
Nh6 9. fxe5 Nxe5 10. Ba2 Bc5+ 11. d4 Neg4 12. dxc5 Qh4 13. h3 g5 14. Qe1 Qxe1
15. Rxe1 O-O-O 16. hxg4 Nxg4 17. cxb6 axb6 18. Rf1 Ne5 19. Bxg5 Rdg8 20. Bf6 Rh6
21. Bxe5 h4 22. Bf4 Rhg6 23. Rf2 h3 24. g3 1-0

[Event "Só brasileiros"]
[Site "http://www.queenalice.com/game.php?id=1223589"]
[Date "2013.10.10"]
[Round "1"]
[White "CCapivara"]
[Black "amand"]
[Result "1/2-1/2"]
[WhiteElo "2072"]
[BlackElo "2111"]

1. e4 e6 2. d4 d5 3. exd5 exd5 4. Nf3 Nf6 5. Bd3 Be7 6. O-O O-O 7. Bg5 Bg4 8.
Nbd2 Nbd7 9. c3 c6 10. Qa4 Re8 11. Ne5 Nxe5 12. dxe5 Ne4 13. Bxe7 Qxe7 14. Nxe4
dxe4 15. Qxe4 f5 16. Qc4+ Kf8 17. Rfe1 Rad8 18. h3 Bh5 19. Bxf5 Qg5 20. Bg4 Rxe5
21. Bxh5 Rxe1+ 22. Rxe1 Qxh5 23. Re3 Qd1+ 24. Kh2 Qd6+ 25. g3 Qd5 26. Qb4+ c5
27. Qf4+ Qf7 28. Qxf7+ Kxf7 29. Kg2 Rd2 1/2-1/2

[Event "AUTO-MASTER-1974"]
[Site "http://www.queenalice.com/game.php?id=1228920"]
[Date "2013.10.31"]
[Round "1"]
[White "afonte"]
[Black "amand"]
[Result "1-0"]
[WhiteElo "2181"]
[BlackElo "2036"]

1. e4 e6 2. d4 d5 3. exd5 exd5 4. Nc3 c6 5. Nf3 Nf6 6. Bg5 Bg4 7. Be2 Be7 8. O-O
O-O 9. Ne5 Bxe2 10. Nxe2 Nbd7 11. Ng3 Nxe5 12. dxe5 Nd7 13. Bxe7 Qxe7 14. Re1
Rfe8 15. f4 Qb4 16. Qg4 Nxe5 17. Qd1 Qxf4 18. Rf1 Qe3+ 19. Kh1 Re6 20. Qh5 Ng6
21. Qf5 Rf6 22. Qd7 Nf4 23. Rfe1 Qc5 24. Re7 Ng6 25. Qxb7 Rf8 26. Ree1 Qxc2 27.
Rec1 Qd2 28. Qxa7 Rf2 29. Rd1 Qxb2 30. Rdb1 Qf6 31. a4 Nh4 32. Rg1 Nxg2 33. Raf1
Rxf1 34. Rxf1 Qb2 35. a5 d4 36. Qe7 Ne3 37. Rg1 Ng4 38. Rg2 1-0

[Event "AUTO-MASTER-1974"]
[Site "http://www.queenalice.com/game.php?id=1228921"]
[Date "2013.10.31"]
[Round "1"]
[White "amand"]
[Black "afonte"]
[Result "0-1"]
[WhiteElo "2102"]
[BlackElo "2126"]

1. e4 c5 2. Bc4 e6 3. Nc3 Nc6 4. a3 Nf6 5. d3 d5 6. exd5 exd5 7. Ba2 Be6 8. Bg5
Be7 9. Nge2 O-O 10. O-O Qd6 11. Bf4 Qd7 12. Ng3 Bd6 13. Bxd6 Qxd6 14. Re1 Nd4
15. Nce2 Bg4 16. f3 Nxe2+ 17. Rxe2 Bd7 18. Qd2 Rfe8 19. Rae1 Rxe2 20. Rxe2 Re8
21. Rxe8+ Nxe8 22. c3 Nf6 23. d4 c4 24. Bb1 Qe7 25. Kf2 h6 26. Bf5 g5 27. Bxd7
Qxd7 28. Qc2 Qe6 29. Qf5 Kf8 30. Qc2 Qb6 31. Nf5 Nh5 32. g3 Qg6 33. g4 Nf4 34.
Ne3 Nd3+ 35. Kg2 Ne1+ 0-1

[Event "AUTO-MASTER-1974"]
[Site "http://www.queenalice.com/game.php?id=1228936"]
[Date "2013.10.31"]
[Round "1"]
[White "artegasparphb"]
[Black "amand"]
[Result "0-1"]
[WhiteElo "2106"]
[BlackElo "2088"]

1. f4 b6 2. e4 Bb7 3. d3 e6 4. Nf3 d5 5. e5 c5 6. Be2 Ne7 7. O-O Nf5 8. g4 Nh4
9. Nc3 Nc6 10. Qe1 Nxf3+ 11. Bxf3 Nd4 12. Bd1 Be7 13. Be3 Bh4 14. Qd2 Nxc2 15.
Qxc2 d4 16. Nb5 O-O 17. Bf2 Qd5 18. Bxh4 Qh1+ 19. Kf2 Qxh2+ 20. Ke1 Qxh4+ 21.
Kd2 f6 22. exf6 Rxf6 23. Kc1 Raf8 24. Nd6 Bd5 25. Qd2 Qg3 26. Kc2 Rxf4 27. Rxf4
Rxf4 28. Ne4 Bxe4 29. dxe4 Rf2 30. Be2 c4 31. Kd1 d3 32. Qg5 dxe2+ 33. Kd2 Qd3+
0-1

[Event "AUTO-MASTER-1974"]
[Site "http://www.queenalice.com/game.php?id=1228937"]
[Date "2013.10.31"]
[Round "1"]
[White "amand"]
[Black "artegasparphb"]
[Result "0-1"]
[WhiteElo "1958"]
[BlackElo "2077"]

1. e4 d5 2. exd5 Qxd5 3. Nc3 Qd8 4. Bc4 e6 5. d3 Nf6 6. Nge2 Nc6 7. O-O Be7 8.
Ng3 O-O 9. Kh1 Na5 10. Bb3 Nxb3 11. axb3 b6 12. f4 Bb7 13. f5 exf5 14. Nxf5 Bb4
15. Qe2 Nd5 16. Nxd5 Qxd5 17. Qg4 g6 18. Ne3 Qe5 19. Nc4 Qd5 20. Ne3 Qc6 21. Nc4
f5 22. Qh3 Rae8 23. Bh6 Re2 24. Rg1 Rfe8 25. c3 Bf8 26. Bg5 Rc2 0-1

[Event "AUTO-MASTER-1974"]
[Site "http://www.queenalice.com/game.php?id=1228946"]
[Date "2013.10.31"]
[Round "1"]
[White "sia"]
[Black "amand"]
[Result "1-0"]
[WhiteElo "1995"]
[BlackElo "2008"]

1. g3 d5 2. Bg2 Nf6 3. b3 e6 4. d3 Be7 5. Bb2 c5 6. Nf3 Nc6 7. Nbd2 Bd7 8. O-O
O-O 9. e3 Rc8 10. Ne5 Nxe5 11. Bxe5 Bc6 12. c4 dxc4 13. Nxc4 Bxg2 14. Kxg2 b5
15. Na3 Qd5+ 16. e4 Qxe5 17. Nxb5 a6 18. Na3 Rfd8 19. Qc2 Ne8 20. Rad1 Nd6 21.
f4 Qd4 22. Nc4 1-0

[Event "AUTO-MASTER-1974"]
[Site "http://www.queenalice.com/game.php?id=1228947"]
[Date "2013.10.31"]
[Round "1"]
[White "amand"]
[Black "sia"]
[Result "0-1"]
[WhiteElo "2026"]
[BlackElo "1977"]

1. e4 e5 2. Bc4 d6 3. Nc3 Nf6 4. d3 Be7 5. Nge2 Bg4 6. f3 Be6 7. Bb3 Nc6 8. O-O
Bxb3 9. axb3 a6 10. Ng3 O-O 11. Nf5 Nd4 12. Nxe7+ Qxe7 13. Bg5 c6 14. f4 exf4
15. Rxf4 Qe5 16. Bxf6 gxf6 17. Qd2 f5 18. Raf1 Qc5 19. Kh1 fxe4 20. Rxe4 f5 21.
Qg5+ Kh8 22. Re7 Ne6 0-1

[Event "AUTO-MASTER-1977"]
[Site "http://www.queenalice.com/game.php?id=1230171"]
[Date "2013.11.5"]
[Round "1"]
[White "nemesisdebogota"]
[Black "amand"]
[Result "1-0"]
[WhiteElo "2163"]
[BlackElo "2104"]

1. e4 e6 2. d4 d5 3. Nd2 dxe4 4. Nxe4 Nd7 5. Nf3 Ngf6 6. Nxf6+ Nxf6 7. Bd3 Be7
8. O-O O-O 9. Ne5 Nd7 10. Bf4 Nxe5 11. dxe5 b6 12. Qf3 Rb8 13. Rad1 Qe8 14. Qe4
g6 15. Bh6 f5 16. exf6 Rxf6 17. Bf4 Bb7 18. Qe3 Bc5 19. Qe5 Qf8 20. Be3 Bd6 21.
Qg5 Rd8 22. h4 1-0

[Event "AUTO-MASTER-1977"]
[Site "http://www.queenalice.com/game.php?id=1230172"]
[Date "2013.11.5"]
[Round "1"]
[White "amand"]
[Black "nemesisdebogota"]
[Result "0-1"]
[WhiteElo "2092"]
[BlackElo "2173"]

1. e4 c5 2. Bc4 e6 3. Nc3 Nc6 4. a3 Nf6 5. d3 d5 6. exd5 exd5 7. Ba2 Be7 8. Nge2
d4 9. Ne4 Nxe4 10. dxe4 O-O 11. O-O Be6 12. f4 Bxa2 13. Rxa2 Qd7 14. Ng3 f6 15.
Bd2 g6 16. Ra1 b6 17. Qf3 Bd6 18. Rae1 Rae8 19. Ne2 a5 20. Nc1 Rf7 21. Nd3 Rfe7
22. Nf2 Qc7 23. Ng4 Kg7 0-1

[Event "AUTO-MASTER-1977"]
[Site "http://www.queenalice.com/game.php?id=1230186"]
[Date "2013.11.5"]
[Round "1"]
[White "MIngu"]
[Black "amand"]
[Result "1-0"]
[WhiteElo "2279"]
[BlackElo "2109"]

1. d4 e6 2. c4 d5 3. Nc3 Nf6 4. Bg5 Be7 5. e3 c6 6. Nf3 Nbd7 7. Bd3 dxc4 8. Bxc4
Nd5 9. Bxe7 Qxe7 10. O-O O-O 11. Qc2 N7f6 12. e4 Nxc3 13. bxc3 Rd8 14. Rfd1 b6
15. Bd3 h6 16. c4 Bb7 17. e5 Nd7 18. Bh7+ Kh8 19. Be4 Nf8 20. Rab1 Rac8 21. a4
c5 22. d5 exd5 23. cxd5 Ba8 24. d6 Qe6 25. Bf5 Qe8 26. Bxc8 Rxc8 27. a5 Bxf3 28.
gxf3 Qxe5 29. axb6 axb6 30. Rxb6 Qf4 31. Qe4 Qg5+ 32. Kf1 c4 33. d7 Nxd7 34.
Rxd7 c3 35. h4 Qa5 36. Rc7 Rd8 37. Rbb7 Qa2 38. Rxf7 c2 39. Rxg7 c1=Q+ 40. Kg2
Qg8 41. Qg6 1-0

[Event "AUTO-MASTER-1977"]
[Site "http://www.queenalice.com/game.php?id=1230187"]
[Date "2013.11.5"]
[Round "1"]
[White "amand"]
[Black "Rutty"]
[Result "0-1"]
[WhiteElo "2079"]
[BlackElo "2039"]

1. e4 e5 2. Bc4 Nf6 3. d3 Bc5 4. Be3 Bxe3 5. fxe3 O-O 6. Nf3 d6 7. O-O Bg4 8.
Nbd2 Nc6 9. Qe1 Bxf3 10. Rxf3 Na5 11. Bb3 Nxb3 12. axb3 b5 13. Qg3 Nh5 14. Qg4
g6 15. Rh3 Kh8 16. Rf1 a5 17. Nf3 Qc8 18. Qh4 Qd8 19. Ng5 Kg7 20. g4 h6 21. gxh5
Qxg5+ 22. Qxg5 hxg5 23. h6+ Kh7 24. Rhf3 Kxh6 25. Rxf7 Rxf7 26. Rxf7 Rc8 27. Kg2
g4 28. Kg3 Kg5 29. h4+ Kh6 30. Kxg4 c5 31. Rb7 c4 32. Rxb5 cxd3 33. cxd3 Rc2 34.
Rxa5 Rg2+ 35. Kf3 Rxb2 36. Rb5 Kh5 37. d4 Kxh4 38. dxe5 dxe5 39. Rb8 Kg5 40. b4
Rb1 41. b5 Rf1+ 42. Ke2 Rb1 43. b6 Kg4 44. b7 g5 45. Kd2 Kg3 46. Kd3 g4 47. Kc4
Kg2 48. Kd5 g3 49. Kxe5 Kg1 50. Rg8 Rxb7 51. Rxg3+ Kf2 52. Rh3 Ke2 53. Kf6 Rb6+
54. Kf5 Kd3 55. e5 Kc4 0-1

[Event "AUTO-MASTER-1977"]
[Site "http://www.queenalice.com/game.php?id=1230188"]
[Date "2013.11.5"]
[Round "1"]
[White "Rutty"]
[Black "amand"]
[Result "1-0"]
[WhiteElo "2057"]
[BlackElo "2061"]

1. e4 e6 2. Nf3 c6 3. d4 d5 4. e5 c5 5. c3 Nc6 6. Bb5 Bd7 7. O-O Nxe5 8. Bxd7+
Nxd7 9. Be3 Qc7 10. dxc5 Bxc5 11. Bxc5 Nxc5 12. Re1 Nf6 13. Nbd2 O-O 14. h3 Nd3
15. Re3 Nxb2 16. Qb3 Nc4 17. Nxc4 dxc4 18. Qc2 Rad8 19. Nd4 Rd5 20. Rae1 Rfd8
21. Qa4 a6 22. Qc2 b5 23. a3 Nd7 24. Rg3 Ne5 25. Qe4 Nd3 26. Re2 Nc1 27. Qg4
Nxe2+ 28. Nxe2 Rd1+ 29. Kh2 f5 30. Qg5 h6 31. Qg6 R8d6 32. Qxh6 e5 33. Qh5 f4
34. Rg4 R1d5 35. Rg5 Qf7 36. Qg4 Qd7 37. Qf3 Qf7 38. Qe4 a5 39. Qf3 Rd7 40. Qg4
Qe7 41. Qh5 Qf7 42. Qg4 Qe7 43. Rh5 Rd2 44. Ng1 Rxf2 45. Nf3 e4 46. Ng5 1-0